[Event "Chigorin Mem"]
[Site "St Petersburg RUS"]
[Date "2005.10.16"]
[Round "2"]
[White "Barhudarian,R"]
[Black "Airapetian,G"]
[Result "0-1"]
[WhiteElo "2137"]
[BlackElo "2281"]

1.e4 e6 2.d4 d5 3.Nc3 Nf6 4.e5 Nfd7 5.Nf3 Be7 6.h4 c5 7.dxc5 Nc6 8.Bf4 Nxc5
9.a3 f6 10.b4 fxe5 11.Bxe5 Bf6 12.bxc5 Bxe5 13.Nxe5 Nxe5 14.Qh5+ Ng6 15.Bd3 O-O
16.Bxg6 hxg6 17.Qxg6 Qa5 18.Qd3 b6 19.O-O Ba6 20.Qe3 Bxf1 21.Qxe6+ Kh8 22.Qxd5 Rad8
23.Qh5+ Kg8 24.Ne4 Bc4 25.Ng5 Rf7 26.Qh7+ Kf8 27.Nxf7 Bxf7 28.Qh8+ Bg8 29.cxb6 axb6
30.a4 Rd6 31.Ra3 Qe1+ 32.Kh2 Qe5+ 33.g3 Rf6 34.f4 Qe2+ 35.Kh3 Rh6  0-1

[Event "Chigorin Mem"]
[Site "St Petersburg RUS"]
[Date "2005.10.17"]
[Round "3"]
[White "Shushpanova,N"]
[Black "Denisov,I"]
[Result "1-0"]
[WhiteElo "2077"]
[BlackElo "2154"]

1.e4 e6 2.d4 d5 3.Nc3 Nf6 4.e5 Nfd7 5.Nce2 c5 6.c3 Nc6 7.f4 Be7 8.Nf3 O-O
9.dxc5 f6 10.Ned4 Nxc5 11.exf6 Bxf6 12.Be3 Ne4 13.Bd3 Qe7 14.O-O e5 15.fxe5 Nxe5
16.Nxe5 Bxe5 17.Rxf8+ Qxf8 18.Qh5 Qe7 19.Nf3 Bxh2+ 20.Qxh2 Nf6 21.Bd4 Bg4
22.Re1 Ne4 23.Qe5 Qd7 24.Bxe4 dxe4 25.Rxe4 Bxf3 26.gxf3 Kh8 27.Qe7  1-0

[Event "Chigorin Mem"]
[Site "St Petersburg RUS"]
[Date "2005.10.18"]
[Round "4"]
[White "Kalegin,E"]
[Black "Shuvatkin,V"]
[Result "1-0"]
[WhiteElo "2470"]
[BlackElo "2321"]

1.e4 e6 2.d4 d5 3.Nc3 Nf6 4.e5 Nfd7 5.f4 c5 6.Nf3 Nc6 7.Be3 Qb6 8.Na4 Qa5+
9.c3 cxd4 10.b4 Qc7 11.Nxd4 Nxd4 12.Bxd4 Be7 13.Bd3 b6 14.O-O a5 15.a3 Ba6
16.f5 Nxe5 17.Bxa6 Rxa6 18.Qe2 Nc4 19.fxe6 f6 20.Qh5+ g6 21.Qxd5 O-O 22.Rxf6 Rxf6
23.Bxf6 Ne3 24.Qf3 axb4 25.Bxe7 Qxe7 26.Qxe3 Rxa4 27.cxb4 b5 28.Rc1 Qa7 29.Qxa7 Rxa7
30.Rd1 Kf8 31.Rd8+ Ke7 32.Rd7+ Rxd7 33.exd7 Kxd7 34.Kf2 Kd6 35.Ke3 Kd5 36.Kd3 h5
37.Kc3 g5 38.Kb3 h4 39.a4 bxa4+ 40.Kxa4 g4 41.b5 h3 42.gxh3  1-0

[Event "Chigorin Mem"]
[Site "St Petersburg RUS"]
[Date "2005.10.22"]
[Round "8"]
[White "Lintchevski,D"]
[Black "Chebotarev,O"]
[Result "0-1"]
[WhiteElo "2423"]
[BlackElo "2504"]

1.e4 e6 2.d4 d5 3.Nc3 Nf6 4.e5 Nfd7 5.f4 c5 6.Nf3 Nc6 7.Be3 cxd4 8.Nxd4 Bc5
9.Qd2 O-O 10.O-O-O a6 11.Qf2 Nxd4 12.Bxd4 Qc7 13.Bd3 Bxd4 14.Qxd4 b5 15.h4 Rb8
16.Kb1 b4 17.Ne2 a5 18.g4 Nc5 19.Nc1 Ba6 20.f5 Rfc8 21.Rd2 Rb6 22.f6 Bxd3
23.cxd3 Rc6 24.Qe3 Nd7 25.Re2 Nxe5 26.Qg5 Ng6 27.Nb3 gxf6 28.Qh6 Rc2  0-1

[Event "SCG First League m"]
[Site "Vrnjacka Banja SCG"]
[Date "2005.10.22"]
[Round "6"]
[White "Kovacevic,A"]
[Black "Jeremic,V"]
[Result "1/2-1/2"]
[WhiteElo "2548"]
[BlackElo "2525"]

1.e4 e6 2.d4 d5 3.Nc3 Nf6 4.e5 Nfd7 5.f4 c5 6.Nf3 Nc6 7.Be3 a6 8.Qd2 b5 9.a3 Bb7
10.dxc5 Bxc5 11.Bxc5 Nxc5 12.Nd4 Qb6 13.Nxc6 Bxc6 14.Qd4 a5 15.Be2 O-O 16.O-O b4
17.Nd1 Bb5 18.Bxb5 Qxb5 19.Nf2 Rfc8 20.axb4 Qxb4 21.Qxb4 axb4 22.b3 Kf8 23.Rfd1 Ke7  1/2-1/2

[Event "Chigorin Mem"]
[Site "St Petersburg RUS"]
[Date "2005.10.23"]
[Round "9"]
[White "Ivanov,Al3"]
[Black "Lintchevski,D"]
[Result "0-1"]
[WhiteElo "2312"]
[BlackElo "2423"]

1.e4 e6 2.d4 d5 3.Nc3 Nf6 4.e5 Nfd7 5.f4 c5 6.Nf3 Nc6 7.Be3 a6 8.Qd2 b5 9.a3 g5
10.Nxg5 cxd4 11.Bxd4 Nxd4 12.Qxd4 Bc5 13.Qd2 Qb6 14.g3 Nxe5 15.Qe2 Be3 16.Nxe6 fxe6
17.fxe5 Rf8 18.Nd1 Bc5 19.Qh5+ Kd8 20.Bd3 Bd7 21.Qg5+ Be7 22.Qe3 Bc5 23.Qg5+ Kc7
24.b4 Bg1 25.Kd2 Rf2+ 26.Nxf2 Qxf2+ 27.Kc1 Qg2 28.Rxg1 Qxg1+ 29.Kb2 Qd4+
30.Ka2 a5 31.Qf4 Qxf4 32.gxf4 axb4 33.Rg1 bxa3 34.Rg7 Kc6 35.Rxh7 Rf8 36.Rh4 b4
37.Rg4 Kc5 38.Rg7 Bc6 39.Rg4 d4 40.Ka1 Bf3 41.Rg6 Rh8 42.Rg3 Bd5 43.h3 Rh4
44.f5 exf5 45.Bxf5 Rh5 46.Bd3 Rxe5 47.Rg1 Re3  0-1

[Event "SCG First League m"]
[Site "Vrnjacka Banja SCG"]
[Date "2005.10.23"]
[Round "7"]
[White "Miladinovic,I"]
[Black "Marjanovic,Slavo"]
[Result "1-0"]
[WhiteElo "2609"]
[BlackElo "2497"]

1.d4 e6 2.e4 d5 3.Nc3 Nf6 4.e5 Nfd7 5.f4 c5 6.Nf3 Qb6 7.a3 cxd4 8.Nxd4 Nc6
9.Be3 a6 10.Nce2 g5 11.f5 Ndxe5 12.fxe6 fxe6 13.Nc3 h5 14.Be2 g4 15.Nxe6 Qxe3
16.Nxd5 Qa7 17.Nec7+ Kd8 18.Nxa8 Bc5 19.Rf1 Bd7 20.b4 Be3 21.Nxe3 Qxe3 22.Qd2 Qa7
23.O-O-O Qxa8 24.Rf7 Qc8 25.Qg5+ Kc7 26.Qf4 Kb6 27.Qe3+ Kc7 28.Re7 Qf8 29.Rxe5 Nxe5
30.Qxe5+ Kc8 31.Rd5 Qe8 32.Rc5+ Bc6 33.Qxe8+ Rxe8 34.Bxa6 Kd8 35.Bb5 Re1+
36.Kd2 Rg1 37.Bxc6 bxc6 38.Rxh5 Rxg2+ 39.Kc3  1-0

[Event "Autumn Open"]
[Site "St Petersburg RUS"]
[Date "2005.11.03"]
[Round "6"]
[White "Svidinsky,D"]
[Black "Matrosov,V"]
[Result "1-0"]
[WhiteElo "2002"]
[BlackElo "2132"]

1.e4 e6 2.d4 d5 3.Nc3 Nf6 4.e5 Nfd7 5.f4 c5 6.dxc5 Nxc5 7.Nf3 Nc6 8.Be3 Qa5
9.Qd2 Be7 10.Be2 Bd7 11.O-O O-O-O 12.a3 Qc7 13.Nb5 Qb8 14.b4 Ne4 15.Qe1 f6
16.c4 a6 17.Nbd4 fxe5 18.Nxc6 Bxc6 19.fxe5 Qc7 20.b5 axb5 21.cxb5 d4 22.bxc6 dxe3
23.cxb7+ Kb8 24.Rc1 Bc5 25.Qh4 Nd2 26.Qa4 Qb6 27.Nd4 Nxf1 28.Qa8+ Kc7 29.Nxe6+ Qxe6
30.Rxc5+ Kd7 31.Bb5+ Ke7 32.Rc7+ Rd7 33.Rxd7+ Qxd7 34.Bxd7 e2 35.Qxh8 Kf7
36.b8=Q  1-0

[Event "FSIMB November"]
[Site "Budapest HUN"]
[Date "2005.11.08"]
[Round "4"]
[White "Wiwe,A"]
[Black "Rombaldoni,D"]
[Result "1-0"]
[WhiteElo "2210"]
[BlackElo "2316"]

1.e4 e6 2.d4 d5 3.Nc3 Nf6 4.e5 Nfd7 5.f4 c5 6.Nf3 Nc6 7.Be3 cxd4 8.Nxd4 Bc5
9.Qd2 O-O 10.O-O-O a6 11.h4 Nxd4 12.Bxd4 b5 13.Rh3 b4 14.Na4 Bxd4 15.Qxd4 a5
16.Bb5 Rb8 17.Bd3 f6 18.Rg3 f5 19.h5 Bb7 20.Bb5 Ba8 21.Be2 Qe7 22.b3 Bc6
23.Nb2 Qc5 24.c4 Rfc8 25.Kb1 Qxd4 26.Rxd4 Nc5 27.Bf3 a4 28.cxd5 exd5 29.Nxa4 Bxa4
30.bxa4 Nxa4 31.Bxd5+ Kh8 32.Bc4 h6 33.Rg6 Nc3+ 34.Kb2 Na4+ 35.Kc2 Rc7 36.Kd2 Rbc8
37.Be6 Rc2+ 38.Ke1 Rf8 39.Bb3 Rc1+ 40.Kd2 Ra1 41.Rxb4 Nc5 42.Rc4 Ne4+ 43.Kc2 Rd8
44.Kb2 Rf1 45.Rc7 Rf2+ 46.Ka3 Ra8+ 47.Kb4 Rxf4 48.Kb5 Re8 49.Re6 Rd8 50.Rg6 Nd2
51.Rcxg7 Nxb3 52.axb3 Rh4 53.e6 Rxh5 54.e7 Rb8+ 55.Kc6 Rg5 56.Rxg5 hxg5 57.Rxg5  1-0

[Event "18th Belgrade Trophy"]
[Site "Obrenovac SCG"]
[Date "2005.11.23"]
[Round "2"]
[White "Radivojevic,Mila"]
[Black "Kezele,T"]
[Result "1-0"]
[WhiteElo "2172"]
[BlackElo "1977"]

1.e4 e6 2.d4 d5 3.Nc3 Nf6 4.e5 Nfd7 5.Nce2 c5 6.c3 Nc6 7.f4 cxd4 8.cxd4 Be7
9.Nf3 O-O 10.h4 f6 11.Nc3 fxe5 12.fxe5 b6 13.Bd3 a5 14.Bxh7+ Kxh7 15.Ng5+ Kg8
16.Qh5 Bxg5 17.hxg5 Rf5 18.g4 Rxe5+ 19.dxe5 Ndxe5 20.g6 Nf3+ 21.Kf2 Kf8 22.Qh8+ Ke7
23.Qxd8+  1-0

[Event "18th Belgrade Trophy"]
[Site "Obrenovac SCG"]
[Date "2005.11.24"]
[Round "3"]
[White "Petrovic,ZoZ"]
[Black "Stancic,L"]
[Result "1-0"]
[WhiteElo "2136"]
[BlackElo "1913"]

1.e4 e6 2.Nc3 d5 3.d4 Nf6 4.e5 Nfd7 5.Nce2 c5 6.c3 Nc6 7.f4 Qb6 8.Nf3 Be7
9.dxc5 Bxc5 10.Ned4 O-O 11.Bd3 h6 12.Bc2 Re8 13.Qd3 Nf8 14.b4 Bxd4 15.Nxd4 Nxd4
16.Qxd4 Qxd4 17.cxd4 Bd7 18.Bd3 Ba4 19.Kd2 Nd7 20.g4 Nb6 21.f5 Rac8 22.h4 Nc4+
23.Ke2 f6 24.exf6 exf5+ 25.Kf3 fxg4+ 26.Kxg4 Bd7+ 27.Kh5 Ne3 28.Rg1 Kh8 29.Rxg7 Bg4+
30.Kxh6 Nf5+ 31.Bxf5 Bxf5 32.Bf4 Rg8 33.Rag1 Rcf8 34.Be5  1-0

[Event "TCh-NED 2005-6"]
[Site "Netherlands NED"]
[Date "2005.11.26"]
[Round "4"]
[White "Hoeksema,E"]
[Black "Leenhouts,K"]
[Result "1/2-1/2"]
[WhiteElo "2401"]
[BlackElo "2398"]

1.e4 e6 2.d4 d5 3.Nc3 Nf6 4.e5 Nfd7 5.Nf3 c5 6.dxc5 Nc6 7.Bf4 Bxc5 8.Bd3 f6
9.exf6 Nxf6 10.O-O O-O 11.Bg3 Bd7 12.a3 Nh5 13.Bh4 Be7 14.Bxe7 Qxe7 15.Re1 Nf4
16.Bf1 Qf6 17.g3 Ng6 18.Bg2 Rad8 19.Qe2 Bc8 20.Rad1 Kh8 21.h3 Nge7 22.Nh2 e5
23.Nxd5 Nxd5 24.Rxd5 Nd4 25.Qd2 Rxd5 26.Bxd5 Bxh3 27.c3 Nc6 28.Qe3 Bd7 29.Nf3 b6
30.Nd2 Ne7 31.Bg2 h5 32.Ne4 Qe6 33.Rd1 h4 34.Rd6 Qf5 35.Qg5 hxg3 36.fxg3 Qxg5
37.Nxg5 Bf5 38.a4 Bc2 39.a5 bxa5 40.Ra6 a4 41.Rxa7 Nf5 42.Bc6 Nxg3 43.Bxa4 Bxa4
44.Rxa4 g6 45.Ne4 Ne2+ 46.Kg2 Rb8 47.b4 Rc8 48.Ra3 Rc4 49.Kf3 Nxc3 50.Rxc3  1/2-1/2

[Event "National Chess Congress"]
[Site "Philadelphia USA"]
[Date "2005.11.27"]
[Round "5"]
[White "Rouleau,J"]
[Black "Smith,Bry"]
[Result "0-1"]
[WhiteElo "2264"]
[BlackElo "2369"]

1.e4 e6 2.d4 d5 3.Nc3 Nf6 4.e5 Nfd7 5.Nce2 c5 6.c3 Nc6 7.f4 Qb6 8.a3 f6 9.Nf3 a5
10.g3 cxd4 11.cxd4 Be7 12.Bh3 f5 13.g4 g6 14.gxf5 gxf5 15.Nc3 Nf8 16.Rg1 Ng6
17.Bf1 Nh4 18.Bb5 Bd7 19.Nxh4 Bxh4+ 20.Kf1 O-O-O 21.Qh5 Be7 22.Bxc6 Bxc6
23.Qf7 Bh4 24.Qxe6+ Kb8 25.Ne2 Qb3 26.Nc3 Qc2 27.Rg2 Qd3+ 28.Kg1 Qxd4+ 29.Kh1 Qd3  0-1

[Event "It"]
[Site "Tuzla BIH"]
[Date "2005.11.27"]
[Round "3"]
[White "Elez,S"]
[Black "Sprecic,M"]
[Result "0-1"]
[WhiteElo "2241"]
[BlackElo "2306"]

1.e4 e6 2.d4 d5 3.Nc3 Nf6 4.e5 Nfd7 5.f4 c5 6.Nf3 Nc6 7.Be3 cxd4 8.Nxd4 Bc5
9.Qd2 a6 10.Be2 Nxd4 11.Bxd4 Qh4+ 12.g3 Qe7 13.O-O-O b5 14.Bxc5 Nxc5 15.Bd3 b4
16.Ne2 Bd7 17.Kb1 a5 18.Nd4 O-O 19.Rhe1 g6 20.h4 f5 21.h5 gxh5 22.Be2 Ne4
23.Qe3 a4 24.Ka1 a3 25.b3 Be8 26.Rh1 Rc8 27.Bxh5 Rc3 28.Rd3 Bxh5 29.Rxc3 Nxc3
30.Rxh5 Rc8 31.Rh6 Qc5 32.Rxe6 Nb5 33.Nxf5 Qxc2 34.Nh6+ Kh8  0-1

[Event "18th Belgrade Trophy"]
[Site "Obrenovac SCG"]
[Date "2005.11.30"]
[Round "9"]
[White "Martic,N"]
[Black "Kezele,T"]
[Result "1-0"]
[WhiteElo "2216"]
[BlackElo "1977"]

1.e4 e6 2.d4 d5 3.Nc3 Nf6 4.e5 Nfd7 5.f4 c5 6.Nf3 Nc6 7.Be3 cxd4 8.Nxd4 Qb6
9.Qd2 Qd8 10.Be2 Bc5 11.O-O-O a6 12.h4 Nxd4 13.Bxd4 b5 14.f5 Bxd4 15.Qxd4 Qb6
16.fxe6 fxe6 17.Qf4 Bb7 18.Bh5+ g6 19.Bf3 O-O-O 20.Rhe1 Nc5 21.b4 Na4 22.Nxa4 bxa4
23.Qd4 Qc7 24.Bg4 Rhe8 25.Rd3 Bc6 26.Rc3 Kb7 27.Rf1 Qb6 28.Rf4 Re7 29.a3 h5
30.Be2 Qxd4 31.Rxd4 Be8 32.Rf3 Rc8 33.Bd3 Rg7 34.Rf6 Re7 35.Rdf4 Rec7 36.Rxe6 Bb5
37.Bxg6 Bc4 38.Ref6 Be2 39.Rf7 Bg4 40.Rxc7+ Kxc7 41.Rf7+ Kb6 42.Rf6+ Kb5
43.Bd3+  1-0

[Event "TCh-BEL 2005-6"]
[Site "Belgium BEL"]
[Date "2005.12.04"]
[Round "5"]
[White "Lutz,C"]
[Black "Glek,I"]
[Result "1/2-1/2"]
[WhiteElo "2609"]
[BlackElo "2566"]

1.e4 e6 2.d4 d5 3.Nc3 Nf6 4.e5 Nfd7 5.f4 c5 6.Nf3 Nc6 7.Be3 a6 8.Qd2 b5 9.a3 Qa5
10.Be2 b4 11.Nd1 Rb8 12.a4 cxd4 13.Nxd4 Nxd4 14.Bxd4 Bc5 15.Nf2 O-O 16.O-O Bxd4
17.Qxd4 Nc5 18.Nd3 Nxd3 19.Bxd3 Bd7 20.f5 exf5 21.Bxf5 Bxf5 22.Rxf5 Rbc8
23.Raf1 Qxa4 24.Qxd5 Qc6 25.Qb3 Qxc2 26.Qxb4 Qc5+ 27.Qxc5 Rxc5 28.h3 Rc6
29.b4 Re6 30.R1f3 h6 31.Kh2 Re7 32.Ra3 Rb8 33.Rxa6 Rxb4 34.Rf3 Rb8 35.Ra5 Rbe8
36.Re3 Re6 37.Rd3 Rxe5 38.Rxe5 Rxe5 39.Rd8+ Kh7 40.Rd6 h5 41.h4 Re4 42.Kh3 g6
43.Ra6 Kg7 44.Rb6 Re3+ 45.Kh2 Re6 46.Rb7 Kf6 47.Ra7 Kf5 48.Rxf7+ Kg4 49.Ra7 Kxh4
50.Ra4+ Kg5 51.Kh3 Rf6 52.Rb4 Rf1 53.Rb5+ Kh6 54.Rb6 Rf4 55.Ra6 Rg4 56.Rb6 Ra4
57.Rc6 Ra3+ 58.g3 Ra5 59.Rb6 Kg5 60.Rb4 Ra6 61.Rc4 Kh6 62.Rb4 g5 63.Rb2 Kg6
64.Kg2 Ra5 65.Rc2 Kf5 66.Rb2 Ke4 67.Rb4+ Kd3 68.Rb3+ Kc4 69.Rb8 g4 70.Kf2 Rf5+
71.Kg2 Kc3 72.Ra8 Rb5 73.Kf2 Kd3 74.Ra3+ Ke4 75.Ra4+ Ke5 76.Ra8 Rb2+ 77.Ke3 Rb3+
78.Kf2 Rb5 79.Ke3 Kf6 80.Kf2 Rb2+ 81.Ke3 Rb3+ 82.Kf2 Rf3+ 83.Kg2 Rf5 84.Ra6+ Ke5
85.Ra4 Kd5 86.Ra5+ Ke4 87.Ra4+ Kd3 88.Ra3+ Kc4 89.Ra4+ Kb3 90.Ra8 Kb4 91.Ra7 Re5
92.Kf2 Kc4 93.Ra4+ Kd3 94.Ra3+ Ke4 95.Ra4+ Kf5 96.Ra8 Rc5 97.Ke3 Rc6 98.Ra5+ Kg6
99.Kf2 Rb6 100.Rc5 Rb2+ 101.Kf1 Rb6 102.Ra5 Rf6+ 103.Kg2 Rf5 104.Ra6+ Kg5
105.Ra7 Rd5 106.Kf2 Kf5 107.Ke3 Rb5 108.Ra8 Re5+ 109.Kf2 Ke4 110.Ra4+ Kd3
111.Ra3+ Kc4 112.Ra4+ Kb3 113.Ra8 Rf5+ 114.Kg2 Kb4 115.Ra7  1/2-1/2

[Event "FSGMB December"]
[Site "Budapest HUN"]
[Date "2005.12.08"]
[Round "6"]
[White "Brinck Claussen,B"]
[Black "Kosic,D"]
[Result "1-0"]
[WhiteElo "2342"]
[BlackElo "2489"]

1.e4 e6 2.d4 d5 3.Nc3 Nf6 4.e5 Nfd7 5.f4 c5 6.Nf3 a6 7.Ne2 Nc6 8.c3 Be7 9.g3 b5
10.Bg2 O-O 11.O-O b4 12.g4 f6 13.Ng3 a5 14.exf6 Nxf6 15.g5 Ne8 16.Re1 Bd6
17.Ne5 Bxe5 18.fxe5 bxc3 19.bxc3 cxd4 20.cxd4 Nc7 21.Qg4 Nb4 22.g6 hxg6 23.Qxg6 Qh4
24.Ba3 Qxd4+ 25.Kh1 Qd3 26.Ne4 dxe4 27.Bxe4 Qh3 28.Rg1 Rf7 29.Rg3 Qh8 30.Qg4 Qh6
31.Rag1 g5 32.Bc1  1-0

[Event "Stone Flower"]
[Site "Nishnij Tagil RUS"]
[Date "2005.12.16"]
[Round "10"]
[White "Geller,J"]
[Black "Zubarev,Al1"]
[Result "1/2-1/2"]
[WhiteElo "2490"]
[BlackElo "2505"]

1.e4 e6 2.d4 d5 3.Nc3 Nf6 4.e5 Nfd7 5.f4 c5 6.Nf3 Nc6 7.Be3 a6 8.Qd2 b5 9.Be2 Qb6
10.Nd1 b4 11.O-O a5 12.c3 Ba6 13.Bxa6 Rxa6 14.Bf2 bxc3 15.bxc3 cxd4 16.cxd4 g6
17.Nc3 Be7 18.Rab1 Qd8 19.Qe2 Ncb8 20.Rfc1 O-O 21.Na4 Nb6 22.Nc5 Ra7 23.Be1 Nc4
24.Nd2 Nc6 25.Bf2 Bxc5 26.dxc5 Nxd2 27.Qxd2 f6 28.Rb6 Rc7 29.exf6 Qxf6 30.Re1 Re8
31.a4 Qf5 32.Qe2 Qxf4 33.Qb5 Rf8 34.Bg3 Qd4+ 35.Kh1 Rcf7 36.h3 Nb4 37.Qe2 Nd3
38.Rd1 Qxc5 39.Qxe6 Qc2 40.Rf1 Kg7  1/2-1/2

[Event "Masters"]
[Site "Berkeley USA"]
[Date "2005.12.17"]
[Round "1"]
[White "Ishkanov,T"]
[Black "Kraai,J"]
[Result "1/2-1/2"]
[WhiteElo "2350"]
[BlackElo "2428"]

1.e4 e6 2.d4 d5 3.Nc3 Nf6 4.e5 Nfd7 5.Nce2 c5 6.f4 f6 7.Nf3 fxe5 8.fxe5 cxd4
9.Nexd4 Nxe5 10.Bb5+ Nec6 11.Qe2 a6 12.Nxe6 Bxe6 13.Qxe6+ Qe7 14.Qxe7+ Bxe7
15.Ba4 Nd7 16.Be3 Bc5 17.Bxc5 Nxc5 18.Bb3 O-O-O 19.O-O-O d4 20.Ng5 Rhe8 21.Nxh7 d3
22.cxd3 Re2 23.Kb1 Nxd3 24.Rxd3 Rxd3 25.Bc4 Ne5 26.Bxd3 Nxd3  1/2-1/2

[Event "TCh-NED 2005-6"]
[Site "Netherlands NED"]
[Date "2005.12.17"]
[Round "5"]
[White "Baramidze,D"]
[Black "Stellwagen,D"]
[Result "1/2-1/2"]
[WhiteElo "2542"]
[BlackElo "2561"]

1.e4 e6 2.d4 d5 3.Nc3 Nf6 4.e5 Nfd7 5.f4 c5 6.Nf3 Nc6 7.Be3 cxd4 8.Nxd4 Bc5
9.Qd2 O-O 10.O-O-O a6 11.Qf2 Bxd4 12.Bxd4 b5 13.Bd3 b4 14.Ne2 a5 15.Be3 Ba6
16.Nd4 Nxd4 17.Bxd4 Qc7 18.Rhe1 Rfc8 19.f5 Bxd3 20.Rxd3 Nc5 21.Bxc5 Qxc5
22.Qd2 a4 23.Kb1 a3 24.b3 exf5 25.Rxd5 Qc6 26.Rd6 Qc5 27.Rd5 Qc6 28.Rd6 Qc5  1/2-1/2

[Event "5th Amplico AIG Life"]
[Site "Warsaw POL"]
[Date "2005.12.17"]
[Round "6"]
[White "Owczarzak,J"]
[Black "Pietocha,P"]
[Result "0-1"]
[WhiteElo "2386"]
[BlackElo "1888"]

1.e4 e6 2.d4 d5 3.Nc3 Nf6 4.e5 Nfd7 5.f4 c5 6.Nf3 Nc6 7.Be3 a6 8.Qd2 cxd4
9.Nxd4 Bb4 10.Nb3 Na5 11.Bd4 Nc4 12.Bxc4 dxc4 13.Nc1 b5 14.N1e2 Bb7 15.Ng3 Qc7
16.O-O O-O-O 17.Qf2 Qc6 18.Nge4 f5 19.Ng5 Nxe5 20.Ne2 Ng4 21.Qg3 Rd7 22.c3 Bc5
23.Bxc5 Qxc5+ 24.Nd4 Re8 25.Rae1 Bd5 26.Kh1 Rde7 27.b4 cxb3 28.axb3 g6 29.Qd3 e5
30.fxe5 Rxe5 31.Rxe5 Rxe5 32.h3 Ne3 33.Rf2 Qd6 34.Ngf3 Re7 35.Re2 f4 36.Rd2 Be4
37.Qe2 Qf6 38.c4 bxc4 39.bxc4 Bb7 40.c5 Nf5 41.Qc4 Ng3+ 42.Kg1 Bxf3 43.Nxf3 Qa1+
44.Kf2 Re2+ 45.Qxe2 Nxe2 46.Rxe2 Qc3 47.Re5 a5 48.Kg1 a4 49.Kh2 a3 50.Re2 Qxc5
51.Ne1 Qd5 52.Nc2 Qd3 53.Rf2 a2 54.Nb4 Qd6 55.Nxa2 f3+ 56.g3 h5 57.h4 g5
58.hxg5 Qc5 59.Kg1 Qe3 60.g6 Qe1+ 61.Kh2 Qxf2+ 62.Kh3 Qxa2  0-1

[Event "Masters"]
[Site "Berkeley USA"]
[Date "2005.12.18"]
[Round "3"]
[White "Ishkanov,T"]
[Black "Lobo,Ri1"]
[Result "1-0"]
[WhiteElo "2350"]
[BlackElo "2263"]

1.e4 e6 2.d4 d5 3.Nc3 Nf6 4.e5 Nfd7 5.Nce2 c5 6.f4 Nc6 7.Nf3 f5 8.c3 Be7
9.h3 O-O 10.a3 a5 11.Be3 a4 12.g4 g6 13.gxf5 gxf5 14.Ng5 Nb6 15.Rg1 Kh8 16.Nc1 cxd4
17.Bxd4 Nxd4 18.cxd4 Qe8 19.Be2 Bxg5 20.fxg5 Bd7 21.Nd3 Bb5 22.Nf4 Bxe2 23.Qxe2 Rc8
24.Kf2 Nc4 25.g6 Rc7 26.gxh7 Kxh7 27.Ng6 Qxg6 28.Rxg6 Kxg6 29.Rg1+ Kh6 30.Qf3  1-0

[Event "Masters"]
[Site "Berkeley USA"]
[Date "2005.12.18"]
[Round "4"]
[White "Shivaji,S1"]
[Black "Pruess,D"]
[Result "1/2-1/2"]
[WhiteElo "2299"]
[BlackElo "2400"]

1.e4 e6 2.Nc3 d5 3.d4 Nf6 4.e5 Nfd7 5.f4 c5 6.Nf3 Nc6 7.Be3 a6 8.Qd2 b5 9.dxc5 Bxc5
10.Bxc5 Nxc5 11.Qf2 Qe7 12.Bd3 b4 13.Ne2 b3 14.O-O Nb4 15.axb3 Ncxd3 16.cxd3 Nxd3
17.Qe3 Nb4 18.Rac1 O-O 19.Nfd4 Bd7 20.Rc7 Rfc8 21.Rfc1 Qd8 22.Rxc8 Rxc8 23.Rxc8 Qxc8
24.Qc1 Qxc1+ 25.Nxc1 f6 26.Kf2 Kf7 27.Ke3 g5 28.g3 gxf4+ 29.gxf4 Bb5 30.Nce2 Bxe2
31.Kxe2 fxe5 32.fxe5 Ke7 33.Ke3 Kd7 34.h4 Nc6 35.Nf3 Ke7 36.Kf4 h6 37.Nh2 Kf7
38.h5 Nd4 39.Ng4 Kg7 40.Nf6 Nxb3 41.Ke3 Na5 42.Nd7 Kf7 43.Nc5 Nc4+ 44.Kd4 Nxb2
45.Nxa6 Nc4 46.Nb4 Nd2 47.Nd3 Ne4 48.Nf4 Ng3 49.Kc5 Nf5 50.Kc6 Ng7 51.Kc5 Ke7
52.Ng6+ Kd7 53.Nf4 Kc7 54.Kb5 Kd8 55.Kc5 Kd7 56.Kb5 Nf5 57.Kc5 Ng3 58.Kd4 Ne4
59.Ke3 Ng5 60.Ng6 Kc7 61.Nf8 Kb6 62.Kd4 Kc6 63.Ng6 Kb5 64.Nf4 Nf3+ 65.Kc3 d4+
66.Kd3 Kc5 67.Nxe6+ Kd5 68.Nf4+ Kxe5 69.Ng6+ Kf5 70.Ne7+ Kf4 71.Ng8 Kg5  1/2-1/2

[Event "Masters"]
[Site "Berkeley USA"]
[Date "2005.12.18"]
[Round "4"]
[White "Friedel,J"]
[Black "Poehlmann,R"]
[Result "1-0"]
[WhiteElo "2453"]
[BlackElo "2230"]

1.e4 e6 2.d4 d5 3.Nc3 Nf6 4.e5 Nfd7 5.f4 c5 6.Nf3 Nc6 7.Be3 a6 8.Qd2 cxd4
9.Nxd4 Bc5 10.O-O-O O-O 11.Qf2 Bxd4 12.Bxd4 Nxd4 13.Qxd4 b5 14.Bd3 Qb6 15.Ne2 b4
16.Qxb6 Nxb6 17.Nd4 a5 18.Rhf1 f5 19.h3 Na4 20.g4 g6 21.Rf3 Bd7 22.Rg1 fxg4
23.hxg4 Rae8 24.f5 exf5 25.gxf5 Nc5 26.e6 Bxe6 27.fxe6 Rxf3 28.Nxf3 Nxd3+
29.cxd3 Rxe6 30.Nd4 Re5 31.Nc6 Re2 32.Nxa5 Kg7 33.Nc6 b3 34.axb3 h5 35.b4 h4
36.b5 h3 37.Rh1 h2 38.Rxh2 Rxh2 39.b6  1-0

[Event "5th Amplico AIG Life"]
[Site "Warsaw POL"]
[Date "2005.12.18"]
[Round "9"]
[White "Dworakowska,J"]
[Black "Heberla,B"]
[Result "0-1"]
[WhiteElo "2377"]
[BlackElo "2465"]

1.e4 e6 2.d4 d5 3.Nc3 Nf6 4.e5 Nfd7 5.f4 c5 6.Nf3 Nc6 7.Be3 a6 8.Qd2 b5 9.dxc5 Bxc5
10.Bxc5 Nxc5 11.b4 Nxb4 12.a3 Qc7 13.a4 Nd7 14.axb5 O-O 15.Nd4 a5 16.Be2 Qb6
17.Rc1 Nc5 18.O-O Bb7 19.Kh1 f5 20.exf6 Rxf6 21.Qe3 Ne4 22.Nxe4 dxe4 23.c4 Qc5
24.Nc2 Rc8 25.Qxc5 Rxc5 26.Nxb4 axb4 27.Rcd1 g5 28.Rd8+ Rf8 29.Rxf8+ Kxf8
30.fxg5+ Rf5 31.c5 Bd5 32.Rb1 Rf2 33.Bf1 e3 34.Kg1 b3 35.b6 b2 36.Re1 Rc2
37.h4 Rc1 38.Rxe3 b1=Q  0-1

[Event "Open A"]
[Site "Bethune FRA"]
[Date "2005.12.29"]
[Round "6"]
[White "Petit,R"]
[Black "Groffen,H"]
[Result "0-1"]
[WhiteElo "2052"]
[BlackElo "2210"]

1.e4 e6 2.d4 d5 3.Nc3 Nf6 4.e5 Nfd7 5.f4 c5 6.Nf3 Nc6 7.Be3 Rb8 8.Qd2 Qa5
9.a3 a6 10.Be2 cxd4 11.Nxd4 Qc7 12.Bf3 Nxd4 13.Bxd4 Bc5 14.Ne2 O-O 15.O-O-O b5
16.Bxc5 Nxc5 17.Nd4 a5 18.b3 Ba6 19.Rhe1 b4 20.Kb2 bxa3+ 21.Kxa3 Nd7 22.Re3 Rfc8
23.Ka2 a4 24.b4 Nb6 25.Be2 Bxe2 26.Rxe2 Qc4+ 27.Ka3 Na8 28.Rb1 Rb7 29.Re3 Nb6
30.Qd3 Rbc7 31.Rh3 Qxd3+ 32.Rxd3 Rc3+ 33.Rxc3 Rxc3+ 34.Kb2 Re3 35.Rd1 g5
36.Rd3 gxf4 37.Rxe3 fxe3 38.Kc3 f6 39.exf6 e5 40.Ne2 d4+ 41.Kd3 a3 42.Nc1 Kf7
43.c3 Kxf6 44.cxd4 exd4 45.Nb3 a2 46.g3 Kg5  0-1

[Event "Xstrata ch-AUS 2006"]
[Site "Brisbane AUS"]
[Date "2005.12.29"]
[Round "2"]
[White "Chandler,M"]
[Black "Humphrey,J"]
[Result "1-0"]
[WhiteElo "2537"]
[BlackElo "2254"]

1.e4 e6 2.d4 d5 3.Nc3 Nf6 4.e5 Ne4 5.Nxe4 dxe4 6.Bc4 a6 7.a4 b6 8.Nh3 Bb7
9.Nf4 Nc6 10.c3 Ne7 11.O-O c5 12.Be3 cxd4 13.cxd4 Nf5 14.d5 exd5 15.Nxd5 Nxe3
16.fxe3 Bc5 17.e6 O-O 18.exf7+ Kh8 19.Qh5 b5 20.Ba2 Rb8 21.Kh1 Bxd5 22.Bxd5 Bxe3
23.Bxe4 Bh6 24.a5 Qd4 25.Qe2 g6 26.Rad1 Qb4 27.Rd3 Qe7 28.Qf3 Rbd8 29.Rxd8 Qxd8
30.Qf6+ Qxf6 31.Rxf6 Kg7 32.Rxa6 Rxf7 33.g3 Be3 34.Bd3 b4 35.Re6 Bd4 36.b3 Ra7
37.a6 Rf7 38.Bc4 Bc3 39.Rd6 Re7 40.Kg2 Be5 41.Rb6 Bc3 42.Kf3 Kf8 43.Bd5 Kg7  1-0

[Event "10th Open"]
[Site "Bad Zwesten GER"]
[Date "2006.01.03"]
[Round "3"]
[White "Struk,J"]
[Black "Poetsch,H"]
[Result "1-0"]
[WhiteElo "2254"]
[BlackElo "2053"]

1.e4 e6 2.d4 d5 3.Nc3 Nf6 4.e5 Nfd7 5.f4 c5 6.Nf3 Nc6 7.Be3 cxd4 8.Nxd4 Bc5
9.Qd2 O-O 10.O-O-O a6 11.h4 Nxd4 12.Bxd4 b5 13.f5 Qe7 14.Bxc5 Qxc5 15.f6 d4
16.Qg5 Nxf6 17.exf6 Qxg5+ 18.hxg5 dxc3 19.Bd3 cxb2+ 20.Kxb2 g6 21.Rh6 Bb7
22.Rdh1 Bxg2 23.R1h2 Bf3 24.Rxh7 Bh5 25.Rg7+ Kh8 26.Be2 Rg8 27.Bxh5 Rxg7
28.Bf3+ Rh7 29.Rxh7+ Kxh7 30.Bxa8  1-0

[Event "10th Open"]
[Site "Bad Zwesten GER"]
[Date "2006.01.05"]
[Round "5"]
[White "Struk,J"]
[Black "Kern,G"]
[Result "1/2-1/2"]
[WhiteElo "2254"]
[BlackElo "2340"]

1.e4 e6 2.d4 d5 3.Nc3 Nf6 4.e5 Nfd7 5.f4 c5 6.Nf3 Nc6 7.Be3 a6 8.Qd2 b5 9.dxc5 Bxc5
10.Bxc5 Nxc5 11.Qf2 Qb6 12.Bd3 b4 13.Ne2 a5 14.O-O Ba6 15.Bxa6 Rxa6 16.Ned4 Ne4
17.Qe3 O-O 18.Rad1 a4 19.Ng5 a3 20.Nxe4 dxe4 21.Qxe4 axb2 22.Qxc6 Qxc6 23.Nxc6 Rxc6
24.Rb1 Rxc2 25.Rf2 Rc1+ 26.Rf1 Rc2 27.Rf2  1/2-1/2

[Event "10th Open"]
[Site "Bad Zwesten GER"]
[Date "2006.01.05"]
[Round "6"]
[White "Houhou,O"]
[Black "Bolte,C"]
[Result "1/2-1/2"]
[WhiteElo "2247"]
[BlackElo "2047"]

1.e4 e6 2.d4 d5 3.Nc3 Nf6 4.e5 Nfd7 5.Nce2 c5 6.c3 Nc6 7.f4 b6 8.Nf3 Bb7
9.Ng3 g6 10.Bd3 h5 11.Ng5 Ne7 12.h4 Qc7 13.O-O Qc6 14.Qe2 a6 15.Bd2 Bh6 16.Rae1 Bxg5
17.fxg5 Nf8 18.Qf2 Nf5 19.Ne2 a5 20.Be3 Nd7 21.Bb1 Ba6 22.g3 Ke7 23.Kh2 Rh7
24.Rd1 Bxe2 25.Qxe2 Rhh8 26.Rd2 c4 27.Rc1 a4 28.Bc2 b5 29.Rdd1 Nb6 30.a3 Rae8
31.Rh1 Kd7 32.Rcg1 Rh7 33.Kg2 Nc8 34.Kf2 Nce7 35.Ke1 Reh8 36.Kd2 Qa6 37.Bf2 Qc6
38.Qe1 Qc8 39.Bd1 Qg8 40.Bc2 Qc8 41.Rh3 Qf8 42.Rgh1 Qg8 43.Be3 Kc7 44.Bf4 Kd7
45.R1h2 Kc7 46.Qh1 Kd7 47.Qd1  1/2-1/2

[Event "10th Open"]
[Site "Bad Zwesten GER"]
[Date "2006.01.05"]
[Round "6"]
[White "Budzyn,M"]
[Black "Helstroffer,A"]
[Result "0-1"]
[WhiteElo "2104"]
[BlackElo "2281"]

1.e4 e6 2.d4 d5 3.Nc3 Nf6 4.e5 Nfd7 5.f4 c5 6.Nf3 Nc6 7.Be3 cxd4 8.Nxd4 Bc5
9.Qd2 Nxd4 10.Bxd4 O-O 11.O-O-O Qc7 12.Kb1 a6 13.h4 b5 14.Rh3 b4 15.Na4 Bxd4
16.Qxd4 a5 17.Bb5 Rb8 18.c4 Nb6 19.cxd5 exd5 20.Rhh1 Bf5+ 21.Ka1 Nc4 22.Ba6 Bc2
23.Nc5 Bxd1 24.Rxd1 Nb6 25.e6 Qd6 26.f5 fxe6 27.Nxe6 Rf7 28.Ng5 Re7 29.Bd3 Qe5
30.Qf2 Qe3 31.Qf1 Rf8 32.Nxh7 Kxh7 33.f6+ Re4 34.Bxe4+ Qxe4 35.Qb5 Rxf6 36.Qxa5 Qd3
37.Re1 Rf1 38.Qxb4 Qd1+  0-1